书目信息 |
| 题名: |
建筑设计表现
|
|
| 作者: | 施并招 , 施并塑 编著 | |
| 分册: | ||
| 出版信息: | 沈阳 辽宁美术出版社 2013 |
|
| 页数: | 28页 | |
| 开本: | 42cm | |
| 丛书名: | ||
| 单 册: | ||
| 中图分类: | TU204.118 | |
| 科图分类: | ||
| 主题词: | 建筑艺术--绘画技法 , 绘画技法 , 建筑艺术 | |
| 电子资源: | ||
| ISBN: | 978-7-5314-5470-0 | |
| 000 | 00961nam0 2200289 450 | |
| 001 | 141969 | |
| 005 | 20141115111539.92 | |
| 010 | @a978-7-5314-5470-0@dCNY 24.00 | |
| 100 | @a20130731d2013 em y0chiy50 ea | |
| 101 | 0 | @achi |
| 102 | @aCN@b210000 | |
| 105 | @aa z 000yy | |
| 106 | @ad | |
| 200 | 1 | @a建筑设计表现@9jian zhu she ji biao xian@b专著@f施并招,施并塑编著 |
| 210 | @a沈阳@c辽宁美术出版社@d2013 | |
| 215 | @a28页@c图@d42cm | |
| 300 | @a手绘教学辅助课稿 | |
| 304 | @a本书无题名页,200字段信息取自封面 | |
| 330 | @a本书通过理论介绍和实例分析,阐述了建筑设计表现各种独特的表现理念和原则,同时,结合建筑设计表现的各种表现媒介和技法,侧重培养学生专业表现方面的眼光和应对实战的能力。 | |
| 606 | 0 | @a建筑艺术@x绘画技法 |
| 606 | 0 | @a绘画技法 |
| 606 | 0 | @a建筑艺术 |
| 690 | @aTU204.118@v5 | |
| 701 | 0 | @a施并招@9shi bing zhao@4编著 |
| 701 | 0 | @a施并塑@9shi bing su@4编著 |
| 801 | 0 | @aCN@bZL@c20141115 |
| 905 | @a241430@dTU204.118@eS485 | |
| 建筑设计表现/施并招,施并塑编著.-沈阳:辽宁美术出版社,2013 |
| 28页:图;42cm |
| 手绘教学辅助课稿 |
| ISBN 978-7-5314-5470-0:CNY 24.00 |
| 本书通过理论介绍和实例分析,阐述了建筑设计表现各种独特的表现理念和原则,同时,结合建筑设计表现的各种表现媒介和技法,侧重培养学生专业表现方面的眼光和应对实战的能力。 |
| ● |
| 相关链接 |
|
|
|
正题名:建筑设计表现
索取号:TU204.118/S485
 
预约/预借
| 序号 | 登录号 | 条形码 | 馆藏地/架位号 | 状态 | 备注 |
| 1 | 0839523 | 208395235 | 期刊室512/101建筑库 100排3列2层/ [索取号:TU204.118/S485] | 在馆 | |
| 2 | 0839524 | 208395244 | 期刊室512/101建筑库 100排3列2层/ [索取号:TU204.118/S485] | 在馆 | |
| 3 | 0839525 | 208395253 | 期刊室512/101建筑库 100排3列2层/ [索取号:TU204.118/S485] | 在馆 |